000 00327nam a22001457a 4500
008 210301b ||||| |||| 00| 0 eng d
020 _a9780495390916
041 _aeng
080 _27th
_a316
082 _a316
100 _a50
101 _aSOC
245 _aSociology a Global Perspective
_cFerrante, J
942 _2udc
_cBK
999 _c55390
_d55390